000 00474nam a22001457a 4500
082 _a004
100 _aShabbir, Shumaila
245 _aCorrecting Noisy Ratings in Collaborative Recommender System /
_cShumaila Shabbir
260 _aIslamabad :
_bMCS - NUST,
_c2017.
300 _a37 p. ;
_c30cm.
650 _aComputer Software Engineering-MS-Thesis
_916105
700 _aDr. Naima Iltaf
_935038
942 _2ddc
_cTHE
999 _c541064
_d541064